Normale Ansicht MARC-Ansicht ISBD

The Menorah and the seven-branched candelabrum (Titelsatznr. 374251)

[ MARC ]
MARC-Details
000 -Satzkennung
Kontrollfeld mit fester Länge 02328cam a2200517 ca4500
001 - Kontrollnummer
Kontrollnummer 191482069X
003 - Kontrollnummer Identifier
Kontrollnummer DE-627
005 - Datum und Zeit der letzten Transaktion
Kontrollnummer 20260206081018.0
007 - Feld mit fester Länge zur physischen Beschreibung - Allgemeine Information
Kontrollfeld mit fester Länge tu
008 - Feld mit fester Länge zur physischen Beschreibung - Allgemeine Angaben
Kontrollfeld mit fester Länge 250115m20252025gw ||||| 00| ||eng c
015 ## - Nummer der Nationalbibliografie
Nummer der Nationalbibliografie 25,N03
Quelle dnb
016 7# - Kontrollnummer der nationalbibliografischen Agentur
Datensatzkontrollnummer 1353144313
Quelle DE-101
020 ## - Internationale Standardbuchnummer
Internationale Standardbuchnummer 9783111164113
Bezugsbedingungen : : EUR 139.95 (DE) (freier Preis), EUR 139.95 (AT) (freier Preis)
024 3# - Anderer Standardidentifier
Standardnummer oder Code 9783111164113
035 ## - Systemkontrollnummer
Systemkontrollnummer (DE-627)191482069X
035 ## - Systemkontrollnummer
Systemkontrollnummer (DE-599)DNB1353144313
040 ## - Katalogisierungsquelle
Original-Katalogisierungsstelle DE-627
Katalogisierungssprache ger
Übertragungsstelle DE-627
Beschreibungsfestlegungen rda
041 ## - Sprachcode
Sprachcode des Textes/der Tonspur oder des separaten Titels eng
-- ger
044 ## - Ländercode der veröffentlichenden/herstellenden Stelle
ISO-Ländercode XA-DE-BE
-- XD-US
072 #7 - Code der Sacherschließungskategorie
Code der Sacherschließungskategorie PHI 001000
Quelle bisacsh
072 #7 - Code der Sacherschließungskategorie
Code der Sacherschließungskategorie SOC 049000
Quelle bisacsh
072 #7 - Code der Sacherschließungskategorie
Code der Sacherschließungskategorie REL 015000
Quelle bisacsh
072 #7 - Code der Sacherschließungskategorie
Code der Sacherschließungskategorie REL 070000
Quelle bisacsh
072 #7 - Code der Sacherschließungskategorie
Code der Sacherschließungskategorie REL 040000
Quelle bisacsh
082 04 - Notation nach der Dewey Decimal Classification
Notation 290
084 ## - Andere Notation
Notation 1
Quelle der Nummer ssgn
084 ## - Andere Notation
Notation KUNST
Quelle der Nummer fid
111 2# - Haupteintragung - Kongressname
Kongress- oder Gebietskörperschaftsname als Eintragungselement International Conference "The Menorah and the Seven-branched Candelabrum. Jewish and Christian Manifestations in the Medieval and Early Modern Periods"
Datum des Kongresses 2022
Ort des Kongresses Tübingen
Funktionsbezeichnung VerfasserIn
Funktionsbezeichnungscode aut
245 14 - Titel
Titel The Menorah and the seven-branched candelabrum
Zusatz zum Titel Jewish and Christian manifestations in the medieval and early modern periods
Verfasserangabe etc. edited by Andrea Worm and Maria Streicher
250 ## - Ausgabebezeichnung
Ausgabebezeichnung Vol. 2
300 ## - Physische Beschreibung
Umfang 331 S.
490 0# - Gesamttitelangabe
Gesamttitelangabe Andere Ästhetik - Studien
Bandnummer/Folgebezeichnung 15
546 ## - Sprache
Sprache Beiträge teilweise deutsch, teilweise englisch
655 #7 - Indexierungsterm - Genre/Form
Genre/Form oder fokussierter Term Konferenzschrift
Chronologische Unterteilung 2022
Geografische Unterteilung Tübingen
Quelle des Terms gnd-content
951 ## - EQUIVALENCE OR CROSS-REFERENCE-GEOGRAPHIC NAME/AREA NAME [OBSOLETE] [CAN/MARC only]
Geografischer Name MC
700 1# - Nebeneintragung - Personenname
Personenname Worm, Andrea
Datumsangaben in Verbindung mit einem Namen 1972-
Funktionsbezeichnung HerausgeberIn
Funktionsbezeichnungscode edt
700 1# - Nebeneintragung - Personenname
Personenname Streicher, Maria
Funktionsbezeichnung HerausgeberIn
Funktionsbezeichnungscode edt
776 1# - Andere physische Form
Internationale Standardbuchnummer 9783111165219
Nähere Angaben PDF
776 08 - Andere physische Form
Anzeigetext Erscheint auch als
Fußnote Online-Ausgabe
Titel The Menorah and the seven-branched candelabrum
Ort, Verlag und Erscheinungsjahr Berlin : De Gruyter, 2025
Physische Beschreibung 1 Online-Ressource (XXXV, 669 p.)
Datensatzkontrollnummer (DE-627)194050287X
Internationale Standardbuchnummer 9783111165219
856 42 - Elektronische Adresse und Zugriff
URL <a href="https://deposit.dnb.de/cgi-bin/dokserv?id=d3efe6a395ad4fc7ae28206ad0fd89f5">https://deposit.dnb.de/cgi-bin/dokserv?id=d3efe6a395ad4fc7ae28206ad0fd89f5</a>
Kontaktstelle für Hilfe beim Zugriff X:MVB
Elektronisches Format text/html
Spezifische Materialangaben Inhaltstext
856 42 - Elektronische Adresse und Zugriff
URL <a href="https://www.degruyter.com/document/cover/isbn/9783111164113/original">https://www.degruyter.com/document/cover/isbn/9783111164113/original</a>
Kontaktstelle für Hilfe beim Zugriff X:MVB
Elektronisches Format text/html
Spezifische Materialangaben Inhaltstext
856 42 - Elektronische Adresse und Zugriff
URL <a href="https://www.degruyter.com/">https://www.degruyter.com/</a>
Kontaktstelle für Hilfe beim Zugriff X:MVB
Elektronisches Format text/html
Spezifische Materialangaben Inhaltstext
856 42 - Elektronische Adresse und Zugriff
URL <a href="https://www.degruyter.com/isbn/9783111164113">https://www.degruyter.com/isbn/9783111164113</a>
Kontaktstelle für Hilfe beim Zugriff X:MVB
Elektronisches Format text/html
Spezifische Materialangaben Inhaltstext
583 1# - ACTION NOTE
Bearbeitung Archivierung/Langzeitarchivierung gewährleistet
Autorisierende Stelle FID
Quelle des Terms pdager
Das Unterfeld gibt die Institution an, auf die sich das Feld bezieht DE-16
942 ## - Zusätzliche Felder (Koha)
Klassifikation oder Aufstellungssystematik Andere/Generische Klassifikation
Koha-Medientyp Bücher
Exemplare
Ausgeschieden Verloren Klassifikation oder Aufstellungssystematik Beschädigt Nicht entleihbar Permanenter Standort Aktueller Standort Aufstellungsort Erwerbungsdatum Anzahl Ausleihen Signatur Letzte Aktivität Exemplarnummer Preis gültig von Medientyp
    Andere/Generische Klassifikation     Stadtarchiv Frankfurt (Oder) | Archivbibliothek Stadtarchiv Frankfurt (Oder) | Archivbibliothek Lesesaal 06/02/2026   I: 2944.2 06/02/2026 25/2026 06/02/2026 Bücher